Théodora (Record no. 170597)

MARC details
000 -LEADER
campo de control de longitud fija 00613nam a22001695i 4500
001 - NÚMERO DE CONTROL
campo de control 170597
003 - IDENTIFICADOR DE NÚMERO DE CONTROL
campo de control ES-MaACL
005 - FECHA Y HORA DE LA ÚLTIMA TRANSACCIÓN
campo de control 20230906214418.0
008 - DATOS DE LONGITUD FIJA--INFORMACIÓN GENERAL
campo de control de longitud fija 090323s1907 fr |||| | fre d
080 ## - NÚMERO DE LA CLASIFICACIÓN DECIMAL UNIVERSAL
Número de la Clasificación Decimal Universal 821.133.1-2"19"
100 1# - ENTRADA PRINCIPAL--NOMBRE DE PERSONA
Nombre de persona Sardou, Victorien.
9 (RLIN) 103800
245 10 - MENCIÓN DEL TÍTULO
Título Théodora
Resto del título : [drame en cinq actes et sept tableaux] /
Mención de responsabilidad, etc. par Victorien Sardou.
260 ## - PUBLICACIÓN, DISTRIBUCIÓN, ETC.
Lugar de publicación, distribución, etc. [Paris :
Nombre del editor, distribuidor, etc. L'Illustration,
Fecha de publicación, distribución, etc. 1907]
300 ## - DESCRIPCIÓN FÍSICA
Extensión 40 p. :
Otras características físicas il. ;
Dimensiones 30 cm.
500 ## - NOTA GENERAL
Nota general Publicado en: L'Illustration théatrale, nº 66, 7 septembre 1907.
852 ## - LOCALIZACIÓN
Ubicación ES-MaACL
Número de control de estantería 2278-F-19
itemnumber R.141174
Nota libre .- Biblioteca Jacinto Martínez Lacalle
Holdings
Estatus retirado Estado de pérdida Estado de daño No para préstamo Colección Biblioteca de origen Biblioteca actual Ubicación en estantería Fecha de adquisición Fuente de adquisición Total de préstamos Signatura topográfica completa Código de barras Visto por última vez Precio de reemplazo Tipo de ítem Koha
        Colección de folletos Biblioteca del Ateneo de Madrid Biblioteca del Ateneo de Madrid Depósito folletos 23/03/2009     2278-F-19 1179032 23/02/2023 23/02/2023 Folleto